| 000 | 00866nmc a2200301 a 4500 | ||
|---|---|---|---|
| 003 | AR-BaBNM | ||
| 005 | 20251128210706.0 | ||
| 008 | 280120s2000 ||||||||||||||000 | spa|| | ||
| 020 | _a958-20-0585-8 | ||
| 040 | _cAR-BaBNM | ||
| 100 | 1 | _aCárdenas Colmenter, Antonio Luis | |
| 245 | 1 | 0 | _aEl maestro protagonista del cambio educativo |
| 250 | _a1ª ed. | ||
| 260 |
_aBogotá _bCooperativa Editorial Magisterio _c2000 |
||
| 300 |
_a352 p. _btablas |
||
| 490 | 0 | _aAula abierta | |
| 500 | _aContiene referencias bibliográficas | ||
| 610 | 2 | 4 | _aConvenio Andrés Bello |
| 650 | 4 | _aROL DEL DOCENTE | |
| 651 | 4 | _aAmérica Latina | |
| 653 | _aREFORMA EDUCATIVA | ||
| 653 | _aINNOVACIONES EDUCATIVAS | ||
| 653 | _aPROFESIONALIZACION DOCENTE | ||
| 700 | 1 | _aRodríguez Céspedes, Abel | |
| 700 | 1 | _aTorres, Rosa María | |
| 942 | _cBK | ||
| 998 | _cRAQUEL | ||
| 999 |
_c16467 _d16467 |
||